000 00637 a2200181 4500
999 _c183283
_d183283
005 20211222120759.0
010 _aENG-130483
020 _a978-93-89811-56-8
_c305.00
035 _aEN-114015
037 _bDBAD/PUB
082 _a507.1
_b1
100 _aPrakash, Om
245 _aCTET/TET:
_bSubject-wise Magical Series Based on the latest Pattern/
_cOm Prakash, Kanta Pradeep Pandit
260 _aChennai
_bMcGraw Hill Education Private Limited
_c2020
270 _a441/1,Sri Ekambara Naicker Industrial Estate, Alapakkam Porur
_bChennai
_e600116
300 _a368p.
_c22cm (pbk)
942 _adpl
_cEN
_2ddc
_h507.1
_mPRA